Body /

Uloženo v:
Podrobná bibliografie
Hlavní autor: Johnson, Don (autor)
Médium: Kniha
Jazyk:angličtina
Témata:
Tagy: Přidat tag
Žádné tagy, Buďte první, kdo vytvoří štítek k tomuto záznamu!

MARC

LEADER 00000nam^a2200000^a^4500
001 000039621
005 20250521000000.0
009 20260310085549.211
020 |a 0-8070-2901-7 
037 |a Acervo ITESO - Biblioteca 
041 |a ING 
082 |a 128. 2  |b JOH 
100 |a Johnson, Don  |e (autor) 
245 1 0 |a Body /  |c D. Johnson. 
264 |a Boston, EUA :  |b Beacon,  |c 1983 
300 |a 221 p. 
336 |a texto  |b txt  |2 rdacontenido 
337 |a sin mediación  |b n  |2 rdamedio 
338 |a volumen  |b nc  |2 rdasoporte 
649 |a XX 
650 |a Psicología 
650 |a Psicología Clínica 
650 |a Cuerpo Humano -  |x Aspectos Sociales y Culturales 
910 |a Fondo General 
920 |a Impresos - Libros 
930 |a Colección General 
905 |a 101 
901 |a 0396210100  |b IT1  |c ACC  |i 039621  |u 20250521 
902 |a https://opac.biblio.iteso.mx/vufind/Record/000039621